| 000 | 01981nam a2200325 i 4500 | ||
|---|---|---|---|
| 003 | EG-GICUC | ||
| 005 | 20260513125555.0 | ||
| 008 | 260513s1999 ua ||||fr|||| 00| 0 ara d | ||
| 040 |
_a EG-GICUC _bara _c EG-GICUC _d EG-GICUC _erda |
||
| 041 |
_aara _hara |
||
| 082 | 0 | 4 |
_221 _a343.471 _bح ا . م |
| 092 | 0 | 4 | _221 |
| 099 | _aLaw1 10 343.471 ح ا . م 1999 | ||
| 100 | 0 |
_aحامد الشريف _eمؤلف. |
|
| 245 | 1 | 2 |
_aالمسئولية الجنائية فى جرائم المبانى طبقا لأحدث التعديلات. _cتأليف دكتور حامد الشريف. _nالجزء الثانى ، _pأحكام المسئولية الجنائية والعقوبة والعقاب - الطعن بالنقض وصيغ النقض الجنائي وطلبات الدفاع - مخالفات الجراجات [الأماكن المخصصة لإيواء السيارات] - أحكام الشخص الاعتباري وأحكام وثيقة التأمين - التصالح في المبانى وقواعد الأرتفاعات والقرارت الجديدة - نماذج عملية للمذكرات في جرائم المبانى [24 مذكرة] |
| 264 | 1 |
_aالإسكندرية : _bالمكتبة العالمية، _c[1999]. |
|
| 300 |
_a1572 صفحة ; _c25 سم. _bإيضاحيات، صور، مثيليات ؛ |
||
| 336 |
_2rda content _atext |
||
| 337 |
_2rda media _aComputer |
||
| 338 |
_2rda carrier _aOnline Resource |
||
| 490 |
_aالمسئولية الجنائية فى جرائم المبانى طبقا لأحدث التعديلات ; _vالجزء الثانى. |
||
| 504 | _aيشتمل على إرجاعات ببليوجرافية. | ||
| 546 | _aالنص باللغة العربية | ||
| 650 | 1 |
_aالقانون الجنائي _2qrmak |
|
| 650 | 1 |
_aالتشريعات المتعلقة بالمباني والإسكان _2qrmak |
|
| 651 | 1 | _2qrmak | |
| 856 | 4 | 0 | _uhttps://fll.law.cu.edu.eg/fulltext/bks/B10-12046.pdf |
| 905 | _a43 | ||
| 942 |
_2ddc _n0 _cBK _e21 |
||
| 999 |
_c76740 _d76740 |
||